000 00643cam a22002173a 4500
001 44326
003 PGUSA
005 20140828084019.0
008 131201s2013||||xxu|||||s|||||000 | eng d
040 _aPGUSA
_beng
042 _adc
100 1 _aAdams, Samuel Hopkins,
_d1871-1958
245 1 0 _aWanted :
_bA Husband : A Novel
_h[electronic resource] /
_cSamuel Hopkins Adams
260 _bProject Gutenberg,
_c2013
506 _aPublic domain in the USA.
516 _aElectronic text
700 1 _aSteele, Frederic Dorr,
_d1873-1944
830 0 _aProject Gutenberg
_v44326
856 4 0 _uhttp://www.gutenberg.org/ebooks/44326
942 _cEB
999 _c273577
_d273577